| 000 | 01171nam a22002897a 4500 | ||
|---|---|---|---|
| 005 | 20110420103534.0 | ||
| 008 | 110420t xxu||||| |||| 00| 0 eng d | ||
| 010 | _aENG-102242 | ||
| 020 |
_a9780071067850 _c575.00 |
||
| 020 |
_a007106785x _c575.00 |
||
| 035 | _aEN-85775 | ||
| 035 | _aG-001485 | ||
| 037 | _bDBAD/PUB | ||
| 040 |
_aDPL _bEng |
||
| 082 | _a658.15 | ||
| 100 |
_aKhan, M.Y. _927338 |
||
| 245 |
_aFinancial management : _cby M.Y.Khan [and] P.K. Jain _btext, problems and cases / |
||
| 250 | _a6th ed | ||
| 260 |
_aNew Delhi _bTata McGraw Hill _c2011 |
||
| 270 |
_a7, West Patel Nagar _bNew Delhi _e110008 |
||
| 300 |
_aVarious pagings _c24cm (pbk) _e1CD-ROM |
||
| 500 | _aIncludes bibliographical references and index. | ||
| 700 |
_aJain, P.K. _927339 |
||
| 942 |
_2ddc _cEN _mKHA _h658.15 |
||
| 999 |
_c51685 _d51685 |
||